Normale Ansicht MARC-Ansicht ISBD

Proteste gegen den jungen Staat. (Titelsatznr. 372582)

[ MARC ]
MARC-Details
000 -Satzkennung
Kontrollfeld mit fester Länge 00693nab a2200193 4500
001 - Kontrollnummer
Kontrollfeld 244442
003 - Kontrollnummer Identifier
Kontrollfeld OSt
005 - Datum und Zeit der letzten Transaktion
Kontrollfeld 20230628150821.0
007 - Feld mit fester Länge zur physischen Beschreibung - Allgemeine Information
Kontrollfeld mit fester Länge tu
008 - Feld mit fester Länge zur physischen Beschreibung - Allgemeine Angaben
Kontrollfeld mit fester Länge 200917s2020|||||||
040 ## - Katalogisierungsquelle
Original-Katalogisierungsstelle DE-2950
Übertragungsstelle DE-2950
245 00 - Titel
Titel Proteste gegen den jungen Staat.
Zusatz zum Titel Jahrestag. Die wirtschaftlichen und politischen Verhältnisse trieben vor 70 Jahren viele Menschen in der DDR auf die Straßen. Auch in Frankfurt (Oder) regte sich am 17. Juni 1953 Unmut /
Verfasserangabe etc. Philipp Stepputtis
264 ## - Produktion, Veröffentlichung, Distribution, Herstellung und Urheberrechtsvermerk
Datum der Herstellung, der Veröffentlichung, des Vertriebs oder des Urheberschutzvermerks 2023
653 ## - Indexierungsterm - Nicht normiert
Nicht-normierter Term Frankfurt (Oder)
653 ## - Indexierungsterm - Nicht normiert
Nicht-normierter Term 17. Juni 1953
653 ## - Indexierungsterm - Nicht normiert
Nicht-normierter Term Jahrestag
773 0# - Übergeordnete Einheit
Verknüpfungsangaben 34. Jahrgang (2023) Nr. 139 vom 17.06.2023, S. 17: mit Foto
Titel Märkische Oderzeitung
942 ## - Zusätzliche Felder (Koha)
Klassifikation oder Aufstellungssystematik Andere/Generische Klassifikation
Koha-Medientyp Aufsätze
Exemplare
Ausgeschieden Verloren Klassifikation oder Aufstellungssystematik Beschädigt Nicht entleihbar Heimatbibliothek Aufenthaltsbibliothek Erwerbungsdatum Anzahl Ausleihen Signatur Letzte Aktivität Preis gültig von Koha-Medientyp
    Andere/Generische Klassifikation     Stadtarchiv Frankfurt (Oder) | Archivbibliothek Stadtarchiv Frankfurt (Oder) | Archivbibliothek 28/06/2023   Z2 28/06/2023 28/06/2023 Aufsätze